00795 2200169 4500245004000000020001800040250001100058100001700069650001600086005001900102260003000121041001400151084001000165300002900175500041200204336000900616 aDaily ParentingcRudi CahyonohText a979-780-788-6 aCet. 1 aRudi Cahyono aNovel Fiksi a20231004143429 aJakartabPandaMediac2015 aIndonesia a649.1 aviii, 168 hlm. :c20 cm. aSetiap anak adalah unik. Pemaksaan dengan cara-cara yang kita yakini benar, dapat menghilangkan keunikannya. Zaman semakin canggih, anak-anak tumbuh di dunia yang berbeda dengan dunia para orangtua. Jika orangtua tetap berpegang pada peraturan dan prinsip-prinsip lama, tidak menutup kemungikan, orangtualah yang akan tertinggal oleh anak. Oleh karena itulah, orangtua dapat belajar pengasuhan dari anaknya. atext